The artermis fowl files / (Record no. 4550)

MARC details
000 -LEADER
fixed length control field 00987nam a22002897a 4500
001 - CONTROL NUMBER
control field 4550
003 - CONTROL NUMBER IDENTIFIER
control field FISKH
005 - DATE AND TIME OF LATEST TRANSACTION
control field 20240916093736.0
008 - FIXED-LENGTH DATA ELEMENTS--GENERAL INFORMATION
fixed length control field 240916b cb ||||| |||| 00| 0 eng d
020 ## - INTERNATIONAL STANDARD BOOK NUMBER
International Standard Book Number 9780786836758
040 ## - CATALOGING SOURCE
Original cataloging agency FISKH
Language of cataloging eng
Transcribing agency FISKH
Modifying agency FISKH
050 ## - LIBRARY OF CONGRESS CALL NUMBER
Classification number PZ7.C677475
082 ## - DEWEY DECIMAL CLASSIFICATION NUMBER
Edition number 823.92
100 ## - MAIN ENTRY--PERSONAL NAME
Personal name Colfer, Eoint
Dates associated with a name 1965-
245 ## - TITLE STATEMENT
Title The artermis fowl files /
Statement of responsibility, etc. Eoint Colfer
250 ## - EDITION STATEMENT
Edition statement First paperback edition in 2008
260 ## - PUBLICATION, DISTRIBUTION, ETC.
Place of publication, distribution, etc. New York :
Name of publisher, distributor, etc. Miramax Books,
Date of publication, distribution, etc. 2008.
300 ## - PHYSICAL DESCRIPTION
Extent 194 pages :
Dimensions 18cm
505 ## - FORMATTED CONTENTS NOTE
Formatted contents note R<br/>
520 ## - SUMMARY, ETC.
Summary, etc. Two original short stories, plus puzzles, interviews with characters, and other writings that unlock secrets of the Artemis Fowl books, which feature a twelve-year-old evil genius and his dealings with fairies and other magical beings.
521 8# - TARGET AUDIENCE NOTE
Target audience note 760L<br/>
Source Lexile<br/>
521 8# - TARGET AUDIENCE NOTE
Target audience note R<br/>
Source Raz-Plus<br/>
650 ## - SUBJECT ADDED ENTRY--TOPICAL TERM
Source of heading or term Artemis Fowl
Topical term or geographic name entry element Fiction
Form subdivision Young adult
650 ## - SUBJECT ADDED ENTRY--TOPICAL TERM
Source of heading or term Crime
Topical term or geographic name entry element Reference
942 ## - ADDED ENTRY ELEMENTS (KOHA)
Source of classification or shelving scheme Dewey Decimal Classification
Koha item type Books
Suppress in OPAC No
Holdings
Withdrawn status Lost status Source of classification or shelving scheme Damaged status Not for loan Home library Current library Shelving location Date acquired Total Checkouts Full call number Barcode Date last seen Copy number Price effective from Koha item type
    Dewey Decimal Classification     Footprints International School Library Network Toul Kork Campus Footprints International School Library Network Toul Kork Campus   09/16/2024   COL 823.92 PZ7.C677475 2024-1965 09/16/2024 1 09/16/2024 Books